000 00522nam a2200181Ia 4500
003 OSt
005 20191219124145.0
008 190216s9999||||xx |||||||||||||| ||und||
020 _a8171881181
040 _coclc
082 _a338.954
_bKAP/E
100 _aKapila, Uma
_9489
245 0 _aEconomic Developments In India /
_cRaj Kapila / Uma Kapila
260 _bAcademic Foundation,
_c1996.
_aDelhi:
300 _a368p
650 _aEconomics
942 _cBK
_2ddc
_h338.954
_iKAP/E
_k338.954
_mKAP/E
999 _c10058
_d10058